LEADER 01132nam0 2200301 450 001 000024920 005 20190318151618.0 100 $a20090324d1935----km-y0itay50------ba 101 0 $aita 102 $aIT 105 $ay-------001yy 200 1 $aPoeti$fPaolo Orano 210 $aRoma$cCasa editrice Pinciana$d1935 215 $a207 p.$d19 cm 225 2 $aCollana del quarantennio$v5 300 $aCasa editrice Pinciana per il quarantennio scientifico letterario politico di Paolo Orano 1895-1935 300 $aEd. di 1000 esempl. num 327 1 $aOrazio intimo, L'amante timido (Petrarca), Carducci maremmano, Una lampada nel buio (Pascoli) 410 0$12001$aCollana del quarantennio$v5 500 10$aPoeti$943758 610 1 $aPascoli, Giovanni$aCarducci, Giosuè$aOrazio Flacco, Quinto$aPetrarca, Francesco 676 $a85100994512$v21$9Poesia italiana. Storia, descrizione, studi critici 700 1$aOrano,$bPaolo$c<1875-1945>$4070$0306849 801 0$aIT$bUNIPARTHENOPE$c20090324$gRICA$2UNIMARC 912 $a000024920 951 $aDEP IV-0071$bs.i.$cNAVA4$d2009 996 $aPoeti$943758 997 $aUNIPARTHENOPE LEADER 01911nam2 2200469 i 450 001 ISU0036793 005 20251003044203.0 010 $a9788838665950 020 $aIT$b2009-5693 100 $a20130613d2009 ||||0itac50 ba 101 | $aita 102 $ait 181 1$6z01$ai $bxxxe 182 1$6z01$an 183 1$6z01$anc$2RDAcarrier 200 1 $aˆ2: ‰Microbiologia sistematica, ambientale, industriale$fPrescott, Harley, Klein 205 $a7. ed.$fJoanne M. Willey, Linda M. Sherwood, Cristopher J. Woolverton$gedizione italiana a cura di Gino Naclerio, Mario Varcamonti 210 $aMilano [etc.]$cMcGraw-Hill$d2009 215 $aXX, 312, [47] p.$cill.$d28 cm 300 $aIn copertina: Web site 461 1$1001ISU0036790$12001 $aMicrobiologia$fPrescott, Harley, Klein $v2 606 $aMicrobiologia$2FIR$3CFIC002393$9E 676 $a576$9$v21 676 $a579$9Microrganismi, funghi, alghe$v22 700 1$aPrescott$b, Lansing M.$3UBOV096873 700 1$aPrescott$b, Lansing M.$3UBOV096873$4070 701 1$aHarley$b, John P.$3UBOV096874$067014 701 1$aHarley$b, John P.$3UBOV096874$4070$067014 701 1$aKlein$b, Donald A.$3UBOV096875$067015 701 1$aKlein$b, Donald A.$3UBOV096875$4070$067015 702 1$aWilley$b, Joanne M.$3BVEV170869 702 1$aSherwood$b, Linda M.$3BVEV170870 702 1$aWoolverton$b, Christopher J.$3BVEV170871 702 1$aNaclerio$b, Gino$3ISUV026005 702 1$aVarcamonti$b, Mario$3ISUV026006 801 3$aIT$bIT-000000$c20130613 850 $aIT-BN0095 912 $aISU0036793 950 2$aBiblioteca Centralizzata di Ateneo$cv. 1-3$d 0104-LT 579 PRE mi(2$e 0104 0000024365 VMA (2 v. 2$fB $h20130513$i20130513 977 $a 01 996 $aMicrobiologia sistematica, ambientale, industriale$94401879 997 $aUNISANNIO